Ấn tượng trong phút đầu giao tiếp

Đã lưu trong:
Bibliografiske detaljer
Hovedforfatter: Nguyễn, Ngọc Nam
Format: Bog
Sprog:Undetermined
Udgivet: Thành phố Hồ Chí Minh Thanh niên 2000
Fag:
Tags: Tilføj Tag
Ingen Tags, Vær først til at tagge denne postø!
Thư viện lưu trữ: Trung tâm Học liệu Trường Đại học Cần Thơ
LEADER 00610nam a2200193Ia 4500
001 CTU_93901
008 210402s9999 xx 000 0 und d
020 |c 12000 
082 |a 370.153 
082 |b N104 
100 |a Nguyễn, Ngọc Nam 
245 0 |a Ấn tượng trong phút đầu giao tiếp 
245 0 |c Nguyễn Ngọc Nam, Nguyễn Hồng Ngọc, Nguyễn Công Khanh 
260 |a Thành phố Hồ Chí Minh 
260 |b Thanh niên 
260 |c 2000 
650 |a Psychology, applied 
904 |i Năm 
980 |a Trung tâm Học liệu Trường Đại học Cần Thơ